000 00917nam a2200253Ia 4500
003 OSt
005 20260112101609.0
008 221004b |||||||| |||| 00| 0 hin d
020 _a9788126318513 (hbk)
037 _cTB
040 _aCRL
_cCRL
_bhin
041 _2hin
_ahin
084 _aV2:51.N5 152R0
_qCRL
100 _aप्रियंवद
_9863630
245 0 _aभारत विभाजन की अन्तःकथा
246 _aBhārat vibhājan kī antahkathā
260 _aदिल्ली, भारत:
_bभारतीय ज्ञानपीठ,
_c2009.
300 _a590पृ0
_ccm.
365 _b700
_cINR
490 _aलोकोदय ग्रन्थमाला; 899
650 _aविश्व-इतिहास
_9863631
942 _hV2:51.N5, 152P9
_cTB
_2cc
_n0
999 _c1012654
_d1012654